[Event "Galicia-ch"]
[Site "Padron"]
[Date "2021.04.04"]
[Round "7"]
[White "Pousada Garcia, Daniel"]
[Black "Suarez Gomez, Julio"]
[Result "0-1"]
[WhiteElo "1901"]
[BlackElo "2461"]
[PlyCount "68"]
[EventDate "2021.04.01"]
[EventType "swiss"]
[EventRounds "8"]
[EventCountry "ESP"]
[SourceTitle "CBM 201 Extra"]
[Source "ChessBase"]
[SourceDate "2021.05.31"]
[SourceVersion "1"]
[SourceVersionDate "2021.05.31"]
[SourceQuality "1"]

1. e4 e6 2. d4 d5 3. Nc3 Bb4 4. exd5 exd5 5. Bd3 Nc6 6. Nge2 Nge7 7. 0-0 Bg4 8. f3 Bf5 9. Bf4 Qd7 10. a3 Bxc3 11. bxc3 0-0 12. c4 b6 13. Re1 Rfe8 14. Qd2 Na5 15. cxd5 Nxd5 16. Bg3 Bxd3 17. Qxd3 Re3 18. Qd1 Qa4 19. c3 Qxd1 20. Raxd1 Rae8 21. Kf1 Nc4 22. a4 c6 23. Bf2 Rxe2 24. Rxe2 Rxe2 25. Kxe2 Nxc3+ 26. Ke1 Nxd1 27. Kxd1 Kf8 28. Kc2 Ke7 29. Kb3 Na5+ 30. Kb4 Kd6 31. Bg3+ Kd5 32. Bb8 a6 33. Bc7 Nc4 34. a5 bxa5+ 0-1

[Event "Galicia-ch"]
[Site "Padron"]
[Date "2021.04.01"]
[Round "2"]
[White "Alvarez Dominguez, Breixo Jesus"]
[Black "Suarez Gomez, Julio"]
[Result "1-0"]
[WhiteElo "2025"]
[BlackElo "2461"]
[PlyCount "127"]
[EventDate "2021.04.01"]
[EventType "swiss"]
[EventRounds "8"]
[EventCountry "ESP"]
[SourceTitle "CBM 201 Extra"]
[Source "ChessBase"]
[SourceDate "2021.05.31"]
[SourceVersion "1"]
[SourceVersionDate "2021.05.31"]
[SourceQuality "1"]

1. d4 d5 2. c4 e6 3. Nf3 Nf6 4. Nc3 a6 5. e3 dxc4 6. Bxc4 b5 7. Bb3 Bb7 8. 0-0 c5 9. Re1 Nc6 10. d5 exd5 11. Nxd5 c4 12. Nxf6+ Qxf6 13. Bc2 Bb4 14. Re2 Rd8 15. Qf1 0-0 16. e4 Nd4 17. Nxd4 Qxd4 18. Rb1 Rfe8 19. Be3 Qf6 20. f3 a5 21. Qf2 a4 22. a3 Ba5 23. Bc5 Bc7 24. g3 Qe6 25. Kf1 Qh3+ 26. Qg2 Qh5 27. Bb4 Bb6 28. Rbe1 f6 29. Bb1 Rd7 30. g4 Qf7 31. f4 Qg6 32. Qg3 Qf7 33. h4 Bc7 34. Qf2 Rdd8 35. Qf3 Bc6 36. Qf2 Bb8 37. Bc5 Qd7 38. Qf3 Qc7 39. Rf2 Rd7 40. Qe3 Rf7 41. Bb6 Qc8 42. f5 Rfe7 43. Bc5 Rd7 44. Bb6 Be5 45. g5 Kh8 46. Rg2 Bb7 47. Qf2 c3 48. bxc3 Qxc3 49. Qe3 Qxe3 50. Bxe3 Rc8 51. Rd2 Rxd2 52. Bxd2 Bg3 53. Rd1 Rd8 54. Ke2 Bxh4 55. g6 Bg3 56. Rh1 h6 57. Bxh6 Kg8 58. Ba2+ Kf8 59. Bxg7+ Ke7 60. Rh8 Rd4 61. Bf8+ Kd7 62. Be6+ Kc7 63. Rh7+ Kd8 64. Rxb7 1-0